000 00439nam a2200169Ia 4500
008 100325t2001 xxu||||| |||| 00| 0 sin d
041 _asin
080 _aX8S31
_bWIC
100 _aWickramasingha, Martin
245 _aගමිපෙරළිය
246 _aGamperaliya
260 _bSarasa
_aRajagiriya
_c2001
_c2004
_c2004
_c2005
300 _a234p., 21 cm
942 _cBK
999 _c74194
_d74194
003 LK-CoDNM
040 _aLK-CoDNM
_dLK-CoDNM
_eLK-CoDNM